000 00365 a2200133 4500
999 _c327567
_d327567
001 92494
003 NUST
005 20180120144815.0
008 180120b xxu||||| |||| 00| 0 eng d
082 _a891.4393/HAQ
100 _aAleem ul Haq Haqqi
_91182
245 _aIshq Ka Sheen Vol 5
_cileem ul haq haqqui
260 _aLahore
_bKhazina ILm o Adab
_c2012
300 _a448p.
500 _aurdu literature
650 _aaishq ka sheen -alim ul haq haqqui
_99248
942 _aCAE NUST
_cBK
_k891.4393/HAQ
_2ddc